| 000 | 00862nam a22002537a 4500 | ||
|---|---|---|---|
| 003 | OSt | ||
| 005 | 20260318153855.0 | ||
| 007 | a | ||
| 008 | 260318b |||||||| |||| 00| 0 eng d | ||
| 020 | _a9783836528849 | ||
| 040 |
_aFoundation University _beng _cFoundation University _dFULib _erda |
||
| 050 |
_aNC 997.A1 _b.2011 B47 |
||
| 245 | 0 | 0 | _aThe best advertising and design in the world |
| 260 |
_aItaly : _b Taschen, _bD&AD, _c2011. |
||
| 264 | _42011. | ||
| 300 |
_3resource _a592 pages : _bcolor illustrations ; _c26 cm. _fvolume |
||
| 336 |
_2rdacontent _atext _btxt |
||
| 337 |
_2rdamedia _aunmediated _bn |
||
| 338 |
_2rdacarrier _3resource _avolume _bnc |
||
| 650 |
_2LC _aArt and design _913118 |
||
| 650 |
_2LC _aFashion design _915385 |
||
| 650 |
_2LC _aFurniture design _915386 |
||
| 942 |
_2lcc _cBK _hNC 997.A1 _i.2011 B47 _k(DAFA-FA) _n0 |
||
| 999 |
_c5698 _d5698 |
||